000 00396nam a22001577a 4500
003 MPLRDC
005 20220104125707.0
008 210129b ||||| |||| 00| 0 eng d
082 _a427.11 OYRS
100 _a欧阳纫诗编著
245 _a美点佳肴: 吉祥菜谱
_c
260 _a
_b嘉馔出版有限公司
_c1986
300 _b
650 _a中菜食谱
942 _cBK
_o427.11 OYRS
999 _c29397
_d29387